000 00529nam a2200193Ia 4500
003 OSt
005 20221007082817.0
006 a|||||r|||| 00| 0
007 ta
008 221006b |||||||| |||| 00| 0 eng d
024 _a23,195
037 _cDissertations
040 _aFLL
_cFLL
_beng
041 _2eng
_aeng
100 _aPandey Nitin
_9699524
245 0 _aImplementation of Human rights with special reference to women and children in India.
942 _cDIS
_2CC
999 _c1167806
_d1167806